Una mirada a la educación municipalizada

Tallennettuna:
Bibliografiset tiedot
Päätekijä: Silva Salgado, Claudio (Tekijä)
Aineistotyyppi: Kirja
Kieli:espanja
Julkaistu: Valparaíso Quinta Pata Ediciones 2012
Painos:1a. ed
Aiheet:
Tagit: Lisää tagi
Ei tageja, Lisää ensimmäinen tagi!

MARC

LEADER 00000cam a2200000 a 4500
001 UCE2621
003 CL-VaPUC
008 140717e20120300cl |||||||||||||||||spa|d
020 |a 9789568836092 
082 0 4 |a 371.01  |b SIL  |2 21 
100 0 |a Silva Salgado, Claudio  |e author  |9 575132 
245 1 4 |a Una mirada a la educación municipalizada 
250 |a 1a. ed 
300 |a 266 p 
942 |c BK 
945 |d 20140717 11:12:00  |a dcastane 
260 |a Valparaíso  |b Quinta Pata Ediciones  |c 2012 
650 7 |a EDUCACION MUNICIPALIZADA  |2 CL-VaPUC  |9 382922 
650 0 |a Educación popular  |9 308964 
650 0 |a Historia de la educación   |9 257642 
583 |a last modification  |c 20140717 11:12:00  |k Rodrigo Vera 
999 |c 356202  |d 356200 
952 |0 0  |1 0  |3 erb  |4 0  |6 371_010000000000000_SIL_2012  |7 0  |8 A  |9 463385  |a BIBEDU  |b BIBEDU  |i 5089980  |o 371.01 SIL 2012  |p 5089980  |r 2019-11-23  |w 2019-11-23  |y BK  |z Catalogado en:20140717  |k EPE 
952 |0 0  |1 0  |3 erb  |4 0  |6 371_010000000000000_SIL_2012  |7 0  |8 A  |9 463386  |a BIBEDU  |b BIBEDU  |i 5089999  |o 371.01 SIL 2012  |p 5089999  |r 2019-11-23  |w 2019-11-23  |y BK  |z Catalogado en:20140717  |k EPE 
952 |0 0  |1 0  |3 erb  |4 0  |6 371_010000000000000_SIL_2012  |7 0  |8 A  |9 463387  |a BIBEDU  |b BIBEDU  |i 5090008  |o 371.01 SIL 2012  |p 5090008  |r 2019-11-23  |w 2019-11-23  |y BK  |z Catalogado en:20140717  |k EPE